When the clouds turn pink (Record no. 128323)

MARC details
000 -LEADER
fixed length control field 00727nam a2200253 i 4500
001 - CONTROL NUMBER
control field C2-0329061
003 - CONTROL NUMBER IDENTIFIER
control field PPAK
005 - DATE AND TIME OF LATEST TRANSACTION
control field 20180728130220.0
008 - FIXED-LENGTH DATA ELEMENTS--GENERAL INFORMATION
fixed length control field 141126s2014 xx a|||| ||||| | eng d
020 ## - INTERNATIONAL STANDARD BOOK NUMBER
International Standard Book Number 9789834475338
040 ## - CATALOGING SOURCE
Original cataloging agency PPAK
Language of cataloging eng
Transcribing agency PPAK
Description conventions rda
082 04 - DEWEY DECIMAL CLASSIFICATION NUMBER
Classification number 823
Edition number 23
090 00 - LOCALLY ASSIGNED LC-TYPE CALL NUMBER (OCLC); LOCAL CALL NUMBER (RLIN)
Classification number (OCLC) (R) ; Classification number, CALL (RLIN) (NR) 823
Feature heading SAS
Feature heading K
100 0# - MAIN ENTRY--PERSONAL NAME
Personal name Sasha Bashir,
Relator term author
245 10 - TITLE STATEMENT
Title When the clouds turn pink
264 #1 - PRODUCTION, PUBLICATION, DISTRIBUTION, MANUFACTURE, AND COPYRIGHT NOTICE
Place of production, publication, distribution, manufacture [place of publication not identified] :
Name of producer, publisher, distributor, manufacturer [publisher not identified] ,
Date of production, publication, distribution, manufacture, or copyright notice 2014
300 ## - PHYSICAL DESCRIPTION
Extent 27 pages :
Other physical details colour illustrations ;
Dimensions 25 cm
336 ## - CONTENT TYPE
Source rdacontent
Content type term text
337 ## - MEDIA TYPE
Source rdamedia
Media type term unmediated
338 ## - CARRIER TYPE
Source rdacarrier
Carrier type term volume
650 10 - SUBJECT ADDED ENTRY--TOPICAL TERM
Topical term or geographic name entry element Children's stories, English
700 ## - ADDED ENTRY--PERSONAL NAME
Relator term author
942 ## - ADDED ENTRY ELEMENTS (KOHA)
-- dc
Koha item type Book
Holdings
Withdrawn Not for loan Current library Shelving location Date acquired Total Checkouts Full call number Barcode Date last seen Date last checked out Koha item type Total Renewals Checked out
    Perpustakaan Alor Setar Pinjaman Kanak-kanak 03/12/2014 1 K 823 SAS A00871701 04/11/2018 01/11/2018 Book    
    Perpustakaan Alor Setar Pinjaman Kanak-kanak 08/12/2014 3 K 823 SAS A00871806 15/02/2026 15/02/2026 Book 2 08/03/2026
    Perpustakaan Awam Sungai Petani Pinjaman Kanak-kanak 03/12/2014 5 K 823 SAS A00871702 29/06/2020 15/03/2020 Book 1  
    Perpustakaan Kulim Pinjaman Kanak-kanak 03/12/2014   K 823 SAS A00871703 09/05/2018   Book    
    Perpustakaan Kulim Pinjaman Kanak-kanak 08/12/2014 1 K 823 SAS A00871808 21/02/2026 28/01/2026 Book